[Event "Salekhard-ch"]
[Site "Salekhard"]
[Date "2015.02.02"]
[Round "9"]
[White "Kolesov , Vladimir"]
[Black "Poznianskiy, Evgeniy"]
[Result "1-0"]
[WhiteElo "1358"]
[BlackElo "1102"]
[PlyCount "61"]
[EventDate "2015.01.23"]
[EventType "swiss"]
[EventRounds "9"]
[EventCountry "RUS"]
[SourceTitle "CBM 164 Extra"]
[Source "ChessBase"]
[SourceDate "2015.03.02"]
[SourceVersion "1"]
[SourceVersionDate "2015.03.02"]
[SourceQuality "1"]

1. c4 e5 2. e4 Bc5 3. Nf3 Nf6 4. d3 d6 5. h3 0-0 6. a3 a6 7. b4 Ba7 8. Bb2 c5 9. Be2 Nc6 10. Bc3 Be6 11. 0-0 Nd4 12. Nbd2 cxb4 13. axb4 Nxe2+ 14. Qxe2 Qd7 15. d4 exd4 16. Bxd4 Bxd4 17. Nxd4 h6 18. f4 Rfe8 19. f5 Bxf5 20. Nxf5 g6 21. Nxh6+ Kg7 22. Ra5 Kxh6 23. Rxf6 b6 24. Raf5 Rf8 25. Qf3 Kg7 26. Rd5 Qa4 27. b5 a5 28. Rdxd6 Ra7 29. Rxb6 Qc2 30. Rbd6 Rb7 31. Qb3 1-0